Titres de chansons de Therapie TAXI - Clic Quiz - Statistiques

Statistiques générales
  • Ce quiz a été pris 75 fois
  • Le résultat moyen est 13 sur 20
Statistiques - réponses
Hint Réponse % Correct
Eté 90
94%
J'en ai Marre
92%
Ombres Chinoises
85%
Blesse Moi
82%
Tous les Autres
79%
Rupture 2 Merde
79%
Hit Sale
79%
Coma Idyllique
73%
Crie des Loups
71%
Dominer le Bruit
68%
Avec ta Zouz
65%
Candide Crush
60%
Madame Klaude
60%
La Boucle
52%
Vulgaire Animal
48%
BB la Nuit
47%
Brutal Summer
42%
Disco Lady
37%
Crystal Memphis
32%
Marlboro Bled
29%
Aucun quiz correspondant
Distribution des résultats
% des personnes avec chaque résultat
Percentile par nombre de réponses
Votre historique - résultats
Vous n’avez pas pris ce quiz